| 000 | 02259nam a2200385 a 4500 | ||
|---|---|---|---|
| 003 | Mxchpua | ||
| 005 | 20260320103816.0 | ||
| 007 | ta | ||
| 008 | 260320s2025 mx adoefs|||| 001 0 spa d | ||
| 040 | _amxchpua | ||
| 090 |
_aT.C. _bE86 _c2025 |
||
| 245 | 1 |
_aCAFESCO S.A.S / _ccoordinador Anastacio Espejel García ; colaboradores Emmanuel Barrera Hernández...[y otros] |
|
| 260 |
_aChapingo, México: _bEl autor, _c2025 |
||
| 300 |
_a1 recurso en línea (203 páginas) : _bilustraciones, tablas, gráficas, fotografías, planos |
||
| 336 |
_2rdacontent _aTexto _btxt |
||
| 337 |
_2rdamedia _acomputadora _bc |
||
| 338 |
_2rdacarrier _arecurso en línea _bcr |
||
| 500 | _aGrado: 7° año Grupo: | ||
| 502 |
_aViaje de Estudios _b(EIUPA) -- _cUACh. Departamento de Ingeniería Agroindustrial, _d2025 |
||
| 504 | _aBibliografía: páginas 135-140 | ||
| 505 | 0 | 0 | _a9 Planos : -- 1. Diagrama de distribución de áreas del beneficio de café -- 2. Diagrama de distribución de áreas de planta tostadora de CAFESCO -- 3. Diagrama de distribución de áreas de la tienda y almacén CAFESCO -- 4. Plano de Distribución de áreas -- 5. Plano de distribución de la tienda y almacenamiento de la empresa CAFESCO -- 6. Diagrama de recorrido del beneficio -- 7. Diagrama de recorrido de planta tostadora de CAFESCO -- 8. Diagrama de recorrido de Tienda y Almacén de CAFESCO -- 9. Diagrama de flujo del proceso para la producción de café pergamino lavado |
| 650 | 1 | 3 |
_aSemillas de café _xProducción _9147991 _zColombia |
| 650 | 1 | 3 |
_aSemillas de café _xCalidad del procesamiento _9156419 |
| 650 | 1 | 3 |
_aProductos del café _xControl de calidad _9150527 |
| 650 | 1 | 3 |
_aProductos del café _xComercialización _9150527 _zColombia |
| 650 | 1 | 3 |
_aCafé _xCalidad del producto _917085 |
| 650 | 1 | 3 |
_aCoffee beans _xCrop production _9156418 _zColombia |
| 650 | 1 | 3 |
_aCoffee beans _xProcessing quality _9156418 |
| 650 | 1 | 3 |
_aCoffee products _xQuality control _9155323 |
| 650 | 1 | 3 |
_aCoffee products _xCommercialization _9155323 _zColombia |
| 650 | 1 | 3 |
_aCoffee (beverage) _xProduct quality _9185335 |
| 700 | 1 |
_aEspejel García, Anastacio _9147446 _ecoordinador |
|
| 700 | 1 |
_aBarrera Hernández, Emmanuel _9189836 _ecolaborador |
|
| 856 | 4 | 1 | _yDESCARGAR REPORTE |
| 999 |
_c233162 _d233162 |
||